Largest Cities of Europe Alphabetically - Statistics

General Stats
  • This quiz has been taken 62 times
  • The average score is 18 of 26
Answer Stats
Letter Country Answer % Correct
A Netherlands Amsterdam
100%
B Germany Berlin
100%
C Denmark Copenhagen
98%
I Turkey Istanbul
96%
L UK London
96%
K Ukraine Kyiv
95%
M Russia Moscow
93%
P France Paris
93%
F Germany Frankfurt
91%
R Italy Rome
89%
H Germany Hamburg
87%
S Russia Saint Petersburg
87%
V Austria Vienna
87%
W Poland Warsaw
85%
T Italy Turin
82%
G UK Glasgow
76%
E Germany Essen
67%
D Ukraine Dnipro
47%
N Russia Nizhny Novgorod
44%
U Russia Ufa
42%
O Ukraine Odesa
40%
J Spain Jerez de la Frontera
38%
Y Russia Yaroslavl
22%
X Greece Xanthi
20%
Z Ukraine Zaporizhzhia
18%
Q Portugal Queluz
9%
No matching quizzes found
Score Distribution
Percent of People with Each Score
Percentile by Number Answered
Your Score History
You have not taken this quiz